Historia de Bizancio
שמור ב:
| מחבר ראשי: | |
|---|---|
| פורמט: | ספר |
| שפה: | ספרדית |
| יצא לאור: |
Barcelona
Ariel
1998
|
| מהדורה: | 1a. ed |
| סדרה: | Ariel Historia
|
| נושאים: | |
| תגים: |
הוספת תג
אין תגיות, היה/י הראשונ/ה לתייג את הרשומה!
|
MARC
| LEADER | 00000nam a2200000 a 4500 | ||
|---|---|---|---|
| 001 | UCK3644 | ||
| 003 | CL-VaPUC | ||
| 008 | 050506e19980000SP |||||||||||||||||spa|d | ||
| 020 | |a 843446599X | ||
| 082 | 0 | 4 | |a 949.502 |b CAB |2 21 |
| 100 | 0 | |a Cabrera, Emilio |e author |9 491827 | |
| 245 | 1 | 0 | |a Historia de Bizancio |
| 250 | |a 1a. ed | ||
| 300 | |a 313 p | ||
| 942 | |c BK | ||
| 945 | |d 20050506 00:00:00 |a cmena | ||
| 260 | |a Barcelona |b Ariel |c 1998 | ||
| 650 | 0 | |a Imperio Bizantino |9 315386 | |
| 650 | 0 | |a Aspectos sociales |9 254894 | |
| 650 | 0 | |a Historia política |9 256974 | |
| 650 | 0 | |a Desarrollo económico y social |9 256320 | |
| 651 | 7 | |a BIZANCIO |2 CL-VaPUC |9 353433 | |
| 583 | |a last modification |c 20050506 00:00:00 |k Rodrigo Vera | ||
| 490 | 0 | |a Ariel Historia | |
| 999 | |c 312762 |d 312760 | ||
| 952 | |0 0 |1 0 |4 0 |6 949_502000000000000_CAB_1998 |7 0 |8 A |9 383587 |a BIBHIS |b BIBHIS |d 2019-11-21 |i 4116895 |l 6 |m 3 |o 949.502 CAB 1998 |p 4116895 |r 2025-03-24 |s 2025-03-19 |w 2019-11-21 |y BK |k HIS | ||